00535 2200205 4500001002100000005001500021035002000036007000300056008004100059020001800100082001000118084001600128100002000144245004300164250001100207260003800218300004200256650001500298990001600313INLIS00000000000014820231013025328 a0010-1023000084ta231013 g 0 ind  a979-489-548-2 a636.5 a636.5 BAM a0 aBambang Cahyono1 aAyam Buras Pedaging /cBambang Cahyono aCet. 8 aJakarta :bPenebar Swadaya,c2005 aiv, 92 hlm, :bilus, ;c14 cm x 21 cm 4aAyam Buras a00000000157